Diseño de estructura de pavimento (adoquín) y drenaje pluvial, calle Sra. Cástula Jarquín; Ciudad Jinotega
Presenta un diseño de estructura de pavimento flexible (adoquín) y drenaje pluvial de la Sra. Castula Jarquín, ubicada en el Barrio 20 de mayo de la ciudad de Jinotega.
| Main Authors: | , |
|---|---|
| Other Authors: | |
| Format: | Tesis Section = Libro |
| Language: | Undetermined Spanish |
| Published: |
Managua
UNI
2007
|
| Subjects: |
| LEADER | 00986nam a2200253Ia 4500 | ||
|---|---|---|---|
| 008 | 240830s9999 xx 000 0 und d | ||
| 040 | |a BIBLIOTECA-RUPAP T.Mon 625.85 Z49 | ||
| 041 | |a spa | ||
| 082 | |a T.Mon 625.85 Z49 | ||
| 100 | 1 | |a Zelaya Rivera, Claudia Verónica | |
| 100 | 1 | |b Altamirano Kauffmann, Luis Fernando | |
| 245 | 1 | 0 | |a Diseño de estructura de pavimento (adoquín) y drenaje pluvial, calle Sra. Cástula Jarquín; Ciudad Jinotega |
| 260 | |a Managua |b UNI |c 2007 | ||
| 300 | |a 69 p. :il. | ||
| 500 | |a Contiene: anexos. | ||
| 502 | |a Tesis (Ingeniero Civil)- UNI, 2007. | ||
| 520 | 3 | |a Presenta un diseño de estructura de pavimento flexible (adoquín) y drenaje pluvial de la Sra. Castula Jarquín, ubicada en el Barrio 20 de mayo de la ciudad de Jinotega. | |
| 650 | 7 | |a PAVIMENTOS | |
| 650 | 7 | |b PAVIMENTOS DE HORMIGON | |
| 650 | 7 | |c PAVIMENTOS-DISEÑO Y CONSTRUCCION | |
| 700 | 1 | |a Tutor: |b Morales Urbina, Israel | |
| 942 | |c BK |2 ddc | ||
| 991 | |a TESIS | ||
| 999 | |c 18428 | ||